Sun, Cloud, Rain, or Snow? Quiz Stats

 Plays Quiz Updated Sep 20, 2018

Score 0/40 Timer 05:00
3 Plays Today
Question Answer Wrong Answers
Singin' in the _____
Classic movie starring Gene Kelly and Debbie Reynolds
Rain
93.1%
Sun
0.5%
Cloud
0.2%
Snow
0.1%
_____ White
German fairytale character associated with seven dwarves
Snow
92.8%
Sun
0.3%
Cloud
0.4%
Rain
0.2%
The House of the Rising _____
Folk song associated with The Animals
Sun
92.7%
Cloud
0.4%
Rain
0.5%
Snow
0.3%
_____ Cone
Frozen dessert involving shaved ice
Snow
92.4%
Sun
0.6%
Cloud
0.5%
Rain
0.3%
Purple _____
Album, song, and movie by Prince
Rain
92.2%
Sun
0.4%
Cloud
0.7%
Snow
0.5%
_____ Nine
Idiomatic term for a state of euphoria
Cloud
92.2%
Sun
0.9%
Rain
0.5%
Snow
0.4%
Mushroom _____
After-effect of a large explosion (e.g. an atomic bomb)
Cloud
91.8%
Sun
0.5%
Rain
0.9%
Snow
0.4%
The _____ Queen
Hans Christian Andersen fairy tale that inspired 'Frozen'
Snow
91.2%
Sun
1.7%
Cloud
0.3%
Rain
0.6%
3rd Rock from the _____
1990s sitcom starring John Lithgow
Sun
90.5%
Cloud
1.4%
Rain
0.9%
Snow
0.7%
_____ Man
Tom Cruise and Dustin Hoffman Best Picture winner
Rain
89.6%
Sun
0.7%
Cloud
0.7%
Snow
2.9%
_____ Check
Idiomatic way to reschedule a meeting (or guarantee an item at a store)
Rain
89.4%
Sun
1.3%
Cloud
2.3%
Snow
0.7%
Pyramid of the _____
Large temple in Teotihuacan, Mexico
Sun
89.2%
Cloud
2.5%
Rain
1.2%
Snow
0.6%
I Wandered Lonely As a _____
William Wordsworth's most famous poem, often called 'Daffodils'
Cloud
88.6%
Sun
3.3%
Rain
1%
Snow
0.5%
_____ Leopard
Common name of Panthera uncia, a large cat in Central and South Asia
Snow
86.3%
Sun
3%
Cloud
4%
Rain
0.6%
Make It _____
Idiomatic phrase for throwing paper money at other people to show off one's wealth
Rain
85.6%
Sun
0.3%
Cloud
0.2%
Snow
7.6%
_____ Computing
System in which computers utilize remote servers on the internet to store data
Cloud
85.3%
Sun
5.3%
Rain
1.4%
Snow
1.3%
Jon _____
Game of Thrones character said to know nothing
Snow
84.8%
Sun
1.6%
Cloud
5.7%
Rain
1.2%
Let It _____! Let It _____! Let It _____!
1945 song associated with Christmas
Snow
84.5%
Sun
0.3%
Cloud
0.1%
Rain
9.2%
_____ Tzu
Chinese general and writer of 'The Art of War'
Sun
83.4%
Cloud
3.5%
Rain
3.5%
Snow
2.6%
Fire and _____
Arguably James Taylor's most famous song
Rain
83.4%
Sun
2.5%
Cloud
0.3%
Snow
7.6%
November _____
Power ballad by Guns n' Roses
Rain
83.1%
Sun
4.1%
Cloud
0.9%
Snow
5.6%
Here Comes the _____
Beatles hit from 'Abbey Road'
Sun
80.5%
Cloud
0.2%
Rain
12.6%
Snow
0.4%
_____ Patrol
Northern Irish rock band whose biggest hit was 'Chasing Cars'
Snow
78.9%
Sun
3.6%
Cloud
7.8%
Rain
3.2%
Charlie St. _____
2010 Zac Efron film based on a Ben Sherwood novel
Cloud
78.5%
Sun
3.3%
Rain
5.7%
Snow
5.6%
A Raisin in the _____
Play by Lorraine Hansberry about the Younger family
Sun
77%
Cloud
3%
Rain
6.2%
Snow
7.1%
Blister in the _____
Iconic song of Violent Femmes
Sun
76.3%
Cloud
2.4%
Rain
8.8%
Snow
5.7%
Oort _____
Area in the outer solar system believed to be filled with small bodies
Cloud
75.6%
Sun
11.2%
Rain
3.1%
Snow
2.9%
_____ Records
Independent American record label associated with country music (especially Elvis Presley)
Sun
75.3%
Cloud
12%
Rain
2.7%
Snow
3.2%
_____ Atlas
2004 David Mitchell novel or its 2012 Tom Hanks adaptation
Cloud
74.1%
Sun
8.1%
Rain
4.9%
Snow
6.1%
Have You Ever Seen the _____?
Song by Creedence Clearwater Revival
Rain
73.9%
Sun
15.6%
Cloud
0.3%
Snow
3.6%
_____ Dogs
Family film starring Cuba Gooding, Jr.
Snow
73.8%
Sun
8.4%
Cloud
1.2%
Rain
10.1%
Fool in the _____
Led Zeppelin song from 'In Through the Out Door'
Rain
73.4%
Sun
9.7%
Cloud
4%
Snow
5.9%
Heavy _____
2010 PlayStation 3 game about the Origami Killer
Rain
70.9%
Sun
2.1%
Cloud
6.4%
Snow
13.6%
_____ Falling on Cedars
David Guterson novel or its film adaptation starring Ethan Hawke
Snow
64.6%
Sun
2.2%
Cloud
1.3%
Rain
25.1%
Red _____
Lakota leader who led an eponymous war against the United States
Cloud
49.1%
Sun
31.6%
Rain
8.9%
Snow
3.8%
_____ Bear
Common name of Helarctos malayanus, native to Southeast Asia
Sun
45.8%
Cloud
6.1%
Rain
4.5%
Snow
36.9%
_____ Strife
Hero and protagonist of Final Fantasy VII
Cloud
42.1%
Sun
24.7%
Rain
12.2%
Snow
13.4%
_____ Gate
Notable sculpture in Chicago's Millennium Park
Cloud
42%
Sun
30.8%
Rain
8.1%
Snow
11.9%
Pokémon _____
One of the 2016 releases in the popular RPG series
Sun
41.3%
Cloud
31.6%
Rain
11.7%
Snow
8.3%
_____ (Hey Oh)
Song by the Red Hot Chili Peppers
Snow
40.5%
Sun
22.2%
Cloud
4.1%
Rain
26%

You're not logged in!

Compare scores with friends on all Sporcle quizzes.
OR
Log In

Sporcle TV

Today on Sporcle TV


Watch our educational content, quiz creation guides, and fun videos on Sporcle TV.

Show Comments

Extras

Top Quizzes Today


Score Distribution

Your Account Isn't Verified!

In order to create a playlist on Sporcle, you need to verify the email address you used during registration. Go to your Sporcle Settings to finish the process.

Report this User

Report this user for behavior that violates our Community Guidelines.

Details: